Korean business law /
保存先:
| その他の著者: | |
|---|---|
| フォーマット: | Sách giấy |
| 言語: | Vietnamese |
| 出版事項: |
USA :
Edward Elgar,
2012.
|
| タグ: |
タグ追加
タグなし, このレコードへの初めてのタグを付けませんか!
|
| Thư viện lưu trữ: | Thư viện Trường Đại học Đà Lạt |
|---|
| LEADER | 00653nam a2200289 4500 | ||
|---|---|---|---|
| 001 | DLU150174152 | ||
| 005 | ##20150112 | ||
| 020 | # | # | |a 9781781003398 |
| 040 | # | # | |a DLU |b vie |
| 041 | # | # | |a vie |
| 044 | # | # | |a vn |
| 082 | # | # | |a 346.07 |b Kor |
| 245 | # | # | |a Korean business law / |c Hwa-Jin Kim edited. |
| 260 | # | # | |a USA : |b Edward Elgar, |c 2012. |
| 300 | # | # | |a x, 291 tr. ; |c 24 cm. |
| 700 | # | # | |a Kim, Hwa-Jin, |e edited. |
| 923 | # | # | |a 06/2015 |
| 991 | # | # | |a SH |
| 992 | # | # | |a 14550 |
| 994 | # | # | |a DLU |
| 900 | # | # | |a True |
| 911 | # | # | |a Đào Thị Thu Huyền |
| 925 | # | # | |a G |
| 926 | # | # | |a A |
| 927 | # | # | |a SH |
| 980 | # | # | |a Thư viện Trường Đại học Đà Lạt |


